00328nam a2200133Ia 4500008004100000020001500041041001200056082001600068100001300084245004800097260002500145300000800170650001600178221030s9999 xx 000 0 und d a007053070X aEnglish a105.23bHwa aK. Hwang 0aAdvanced Computer Architecturecby K. Hwang bTMHaNew Delhic2003 a770 aBE Computer